[Event "Unterfranken-ch HT 61th"]
[Site "Kitzingen"]
[Date "2010.04.09"]
[Round "8"]
[White "Gessner, Alec"]
[Black "Buettner, Simon"]
[Result "1/2-1/2"]
[WhiteElo "1106"]
[BlackElo "1413"]
[PlyCount "33"]
[EventDate "2010.04.05"]
[EventType "swiss"]
[EventRounds "9"]
[EventCountry "GER"]
[SourceTitle "EXT 2015"]
[Source "ChessBase"]
[SourceDate "2014.11.20"]
[SourceVersion "1"]
[SourceVersionDate "2014.11.20"]
[SourceQuality "1"]

1. d4 e6 2. c4 c5 3. Nf3 Nf6 4. Bf4 Nc6 5. e3 d5 6. Nc3 Be7 7. Bd3 dxc4 8. Bxc4 b6 9. 0-0 Bd7 10. h3 Rc8 11. Rc1 cxd4 12. exd4 0-0 13. a3 Nb4 14. Bb3 Nbd5 15. Bh2 Bc6 16. Ne5 Bd6 17. Qd3 1/2-1/2